000 00892nmm a2200313 a 4500
003 AR-BaBNM
005 20251128210942.0
008 251120s1999 ||||||||||||||000 | spa||
020 _a84-7903-489-0
040 _cAR-BaBNM
100 1 _aGil Verona, José Antonio
245 1 0 _aProblemas médicos en la escuela y su entorno
250 _a2ª ed.
260 _aMadrid
_bEditorial Médica Panamericana
_c1999
300 1 _axi, 260 p.
_btablas
500 0 _aContiene referencias bibliográficas e índice analítico
650 4 _aPROGRAMAS DE SALUD
650 4 _aENFERMEDADES DEL SISTEMA NERVIOSO
650 4 _aENFERMEDADES DE LA INFANCIA
650 4 _aCANCER
650 4 _aDROGADICCION
650 4 _aMUERTE
653 0 _aEDUCACION PARA LA SALUD
653 0 _aDISCAPACIDAD AUDITIVA
653 0 _aDISCAPACIDAD VISUAL
653 0 _aSIDA
942 _cBK
998 _cRAQUEL
999 _c17608
_d17608